[Event "Sampa Chess Open 2024"]
[Site "Sao Paulo"]
[Date "2024.02.01"]
[Round "5.26"]
[White "Terao, Juliana Sayumi"]
[Black "Santos, Abel Cardoso Dos"]
[Result "1-0"]
[WhiteElo "2198"]
[BlackElo "1854"]
[PlyCount "75"]
[EventDate "2024.01.29"]
[EventRounds "9"]
[EventCountry "BRA"]

1. e4 e5 2. Nf3 Nc6 3. Bb5 a6 4. Ba4 Nf6 5. O-O Be7 6. Re1 b5 7. Bb3 d6 8. c3
Na5 9. Bc2 c5 10. h3 O-O 11. d4 cxd4 12. cxd4 Nc6 13. Nc3 Bd7 ({RR} 13... Re8
14. Bg5 {1/2-1/2 (14) Milos,G (2530)-Campora,D (2515) Bogota 1991}) 14. Be3 Rc8
15. Qe2 $146 ({RR} 15. Rc1 exd4 16. Nxd4 Ne5 17. Bg5 Nc4 18. b3 Ne5 19. Bb1 Re8
20. Be3 Nc6 21. Nde2 Bf8 22. Nf4 Be6 23. Ncd5 Nd7 24. Bd2 Nde5 25. Bc3 Qh4 26.
Qh5 Qd8 27. Rcd1 g6 28. Qe2 Bg7 29. Bb2 Qa5 {Dubinin,P-Makogonov,V Leningrad 
(Russia) 1939 1/2-1/2 (86)}) ({RR} 15. Rc1 Re8 16. Nd5 Nxd5 17. exd5 Nb4 18.
Bb3 e4 19. Rxc8 Qxc8 20. Nd2 f5 21. Qb1 Nd3 22. Rf1 Bf6 23. f3 a5 24. fxe4 fxe4
25. Nxe4 Rxe4 26. Qxd3 Qe8 27. Bf2 Bf5 28. Bc2 Bg6 29. Qd2 Re2 {Broca Jimenez,
F (2075)-Issani,N (2070) chess.com INT 2021 0-1 (34)}) ({RR} 15. Qd2 Na5 16.
Bd3 Nc6 17. d5 Na5 18. b3 Qc7 19. Ne2 Bd8 20. Rac1 Qb8 21. Ng3 Bb6 22. Bg5 Rxc1
23. Rxc1 Kh8 24. Bxf6 gxf6 25. Qh6 Qd8 26. Nh5 Rg8 27. Nxf6 Rg7 28. Ng5 Qe7 29.
Ngxh7 Rg6 {Balinas,R-Ottati,A Tel Aviv 1964 1-0}) 15... Re8 16. Rad1 Qc7 17.
Bb1 h6 18. Nd5 Nxd5 19. exd5 Nxd4 20. Nxd4 exd4 21. Bxd4 Bf8 22. Qd3 g6 23. Qg3
Kh7 24. Qf4 f5 25. g4 Rxe1+ 26. Rxe1 Qd8 27. gxf5 Qg5+ 28. Qxg5 hxg5 29. fxg6+
Kh6 30. Kg2 Re8 31. Rc1 Rc8 32. Rxc8 Bxc8 33. Kg3 Bg7 34. Bxg7+ Kxg7 35. h4
gxh4+ 36. Kxh4 Kh6 37. f4 Bd7 38. b4 1-0

[Event "Sampa Chess Open 2024"]
[Site "Sao Paulo"]
[Date "2024.02.01"]
[Round "5.27"]
[White "Deus Filho, Joaquim De"]
[Black "Saito, Vinicius"]
[Result "0-1"]
[WhiteElo "1848"]
[BlackElo "2147"]
[PlyCount "122"]
[EventDate "2024.01.29"]
[EventRounds "9"]
[EventCountry "BRA"]

1. e4 c5 2. Nc3 Nc6 3. g3 g6 4. Bg2 Bg7 5. d3 d6 6. Be3 Nf6 7. h3 Rb8 8. Qd2 b5
9. Bh6 Bxh6 10. Qxh6 Nd4 11. Qd2 b4 12. Nd1 e5 13. c3 bxc3 14. bxc3 Ne6 15. Nf3
$146 ({RR} 15. Ne2 O-O 16. O-O d5 17. exd5 Nxd5 18. Nb2 Ng5 19. h4 Ne6 20. Nc4
f6 21. Rab1 Bb7 22. Rb2 Nb6 23. Ne3 Bxg2 24. Kxg2 Rf7 25. Qc2 Kg7 26. Rd1 Rd7
27. a4 Nd5 28. Nxd5 Rxd5 29. Rxb8 Qxb8 {Theissl Pokorna,R (2296)-Rogule,L 
(2286) chess.com INT 2021 0-1 (41)}) 15... Qa5 16. O-O Ba6 17. Re1 O-O 18. Ne3
Rb6 19. Rab1 Rfb8 20. Rxb6 Qxb6 21. c4 Qb4 22. Re2 Bb7 23. h4 Bc6 24. Bh3 Qxd2
25. Rxd2 a5 26. Kf1 Nc7 27. Nd1 Na6 28. Rb2 Rxb2 29. Nxb2 Nb4 30. a3 Nc2 31. a4
Nd4 32. Nxd4 cxd4 33. Bc8 Kf8 34. Ke2 Ke7 35. f3 Kd8 36. Ba6 Nd7 37. Kd2 Nc5
38. Bb5 Bb7 39. Kc2 f5 40. Nd1 Bc8 41. Nb2 Ke7 42. Kd2 Kf6 43. Ke2 h6 44. Kf2
g5 45. hxg5+ Kxg5 46. exf5 Bxf5 47. Ke2 h5 48. Bc6 h4 49. gxh4+ Kxh4 50. Bb5
Kg3 51. Bc6 Bg6 52. Bb5 Kf4 53. Bc6 Bf5 54. Bb5 Kg3 55. Bc6 Bc8 56. Nd1 Bb7 57.
Bxb7 Nxb7 58. Nf2 Nc5 59. Nh1+ Kf4 60. Nf2 Nxa4 61. Ne4 Nc3+ 0-1

[Event "Sampa Chess Open 2024"]
[Site "Sao Paulo"]
[Date "2024.02.01"]
[Round "5.29"]
[White "Da Cunha, Gabriela Goes"]
[Black "Kropff, Ricardo"]
[Result "0-1"]
[WhiteElo "1837"]
[BlackElo "2052"]
[PlyCount "90"]
[EventDate "2024.01.29"]
[EventRounds "9"]
[EventCountry "BRA"]

1. d4 Nf6 2. Nf3 d5 3. c4 dxc4 4. e3 Bg4 5. Bxc4 e6 6. O-O a6 7. Be2 Nc6 8. a3
({RR} 8. b3 Bd6 9. Bb2 O-O 10. Nbd2 Qe8 11. h3 Bh5 12. Nc4 Rd8 13. Rc1 Nd5 14.
Nfd2 Bxe2 15. Qxe2 f5 16. Rfe1 Nce7 17. g3 Qg6 18. e4 Nf4 19. Qf1 fxe4 20. Rxe4
Ned5 21. Rce1 Rde8 22. Kh2 Nh5 {Yilmaz,M (2636)-Alekseenko,K (2638) St
Petersburg RUS 2018 0-1 (55)}) 8... Bd6 9. Nbd2 O-O 10. b4 Qe8 $146 ({RR} 10...
e5 11. dxe5 Nxe5 12. Bb2 Qe7 13. Nxe5 Bxe2 14. Qxe2 Bxe5 15. Bxe5 Qxe5 16. Nb3
Ne4 17. Rac1 Rfd8 18. Nc5 Nxc5 19. Rxc5 Qe7 20. Rd1 c6 21. Rc3 Rxd1+ 22. Qxd1
a5 23. bxa5 Rxa5 24. Qc1 Rd5 25. g3 {Spalir,J (2336)-Antal,G (2553)
Deutschlandsberg AUT 2018 1/2-1/2 (31)}) 11. Bb2 Rd8 12. h3 Bh5 13. Nc4 e5 14.
Qe1 e4 15. Nfd2 Bg6 16. Nxd6 cxd6 17. Bc4 d5 18. Be2 Qe6 19. Nb3 b6 20. Bxa6 h5
21. Bb5 Ne7 22. Rc1 Bf5 23. Qe2 Rd6 24. Nc5 bxc5 25. dxc5 Rdd8 26. a4 Ng6 27.
Bxf6 Qxf6 28. Qxh5 d4 29. exd4 Rxd4 30. Rc4 Nf4 31. Rxd4 Nxh5 32. Rd6 Qg5 33.
Kh2 e3 34. fxe3 Be4 35. Rd2 Qg3+ 36. Kg1 Qxe3+ 37. Rdf2 Nf4 38. Kh2 Bxg2 39.
Rxf4 Qxh3+ 40. Kg1 Qg3 41. R1f2 Bf3+ 42. Kf1 Qxf4 43. Kg1 Qg5+ 44. Kh2 Qh4+ 45.
Kg1 Qh1# 0-1

[Event "Sampa Chess Open 2024"]
[Site "Sao Paulo"]
[Date "2024.02.01"]
[Round "5.30"]
[White "Santanna, Paulo"]
[Black "Rigonati, Eduardo Enrico Sant"]
[Result "0-1"]
[WhiteElo "2021"]
[BlackElo "1827"]
[PlyCount "74"]
[EventDate "2024.01.29"]
[EventRounds "9"]
[EventCountry "BRA"]

1. d4 Nf6 2. Nc3 d6 3. e4 e5 4. Nf3 Nbd7 5. Rg1 c6 ({RR} 5... g6 6. g4 Bg7 7.
g5 Nh5 8. Be3 O-O 9. Qd2 c6 10. O-O-O Qe7 11. a4 a5 12. Be2 Rb8 13. Kb1 Re8 14.
h4 Nf8 15. Bc4 Bh3 16. Bb3 Nd7 17. d5 Nc5 18. Bxc5 dxc5 19. Qe3 Nf4 20. Nd2 {
Rapport,R (2718)-Skoberne,J (2560) Austria 2014 1-0}) ({RR} 5... g6 6. g4 Bg7
7. g5 Nh5 8. Be3 O-O 9. Qd2 c6 10. O-O-O Qa5 11. Kb1 Nb6 12. Be2 Be6 13. d5
cxd5 14. exd5 Bd7 ({RR} 14... Bf5 15. Nb5 Qxd2 16. Rxd2 Nc8 17. Nh4 Bd7 18. a4
f5 19. gxf6 Nxf6 20. Nc3 Ne7 21. a5 a6 22. f3 Rac8 23. Rgd1 Nf5 24. Nxf5 gxf5
25. Rg1 Kf7 26. Nd1 Rg8 27. c4 f4 28. Bb6 e4 29. fxe4) 15. Ne4 Qxd2 16. Nfxd2
Nxd5 17. Bxh5 Nxe3 18. fxe3 gxh5 19. Nf6+ Bxf6 20. gxf6+ {Coppola,C (2250)
-Cueto,J (2108) Florianopolis 2024 1-0 (35)}) 6. g4 Qa5 7. Qd3 $146 ({RR} 7.
Qe2 g6 8. g5 Nh5 9. Be3 b5 10. Qd2 b4 11. Ne2 Bb7 12. dxe5 dxe5 13. Bh3 Rd8 14.
O-O-O Bc8 15. Kb1 Be7 16. Qe1 O-O 17. Nd2 Ba6 18. Nb3 Qc7 19. Bg4 Nf4 20. Nec1
Nb6 21. Nc5 Rxd1 {Doros,R (2338)-Sadilek,P (2233) Arad 2011 1-0 (47)}) ({RR} 7.
Bd2 exd4 8. Nxd4 Qe5 9. Nf3 Qe7 10. Qe2 Nc5 11. e5 Nxg4 12. Bg5 f6 13. exf6
Qxe2+ 14. Bxe2 Nxf6 15. O-O-O Be7 16. Bxf6 gxf6 17. Nd4 d5 18. Rde1 Kf8 19. Bf3
a5 20. h4 Bd6 21. Nce2 Bd7 {Ciocan,M (1897)-Bulmaga,I (2388) Calimanesti
Caciulata 2017 0-1 (39)}) ({RR} 7. Bd3 g6 8. Be3 Bg7 9. Qd2 exd4 10. Nxd4 Ne5
11. g5 Nfg4 12. O-O-O Nxe3 13. fxe3 Bg4 14. Rdf1 O-O-O 15. Qf2 Bh3 16. Rd1 h6
17. Be2 hxg5 18. Rg3 g4 19. Kb1 Rd7 20. Rgg1 Bh6 21. Rd2 Qd8 {Kontsevik,G 
(2139)-Ponomarev,D (2409) Voronezh 2015 0-1 (43)}) 7... exd4 8. Nxd4 Ne5 9. Qe2
Bxg4 10. Rxg4 Nexg4 11. Bd2 Qh5 12. O-O-O Qxh2 13. Ncb5 Qxf2 14. Nc7+ Kd7 15.
Nxa8 Qxe2 16. Bxe2 Be7 17. Nf5 Rxa8 18. Nxg7 Nf2 19. Re1 N2xe4 20. Bf4 d5 21.
c4 a6 22. cxd5 cxd5 23. Nf5 Bc5 24. Rd1 Rg8 25. Ne3 Ke6 26. Bf1 Bxe3+ 27. Bxe3
Rg3 28. Bf4 Rf3 29. Bc7 Nf2 30. Re1+ Kd7 31. Be5 N6g4 32. Bc3 h5 33. Be2 Rh3
34. Bd4 Nd3+ 35. Bxd3 Rxd3 36. Bc3 Rf3 37. Bb4 h4 0-1

[Event "Sampa Chess Open 2024"]
[Site "Sao Paulo"]
[Date "2024.02.01"]
[Round "5.31"]
[White "Silva, Juliana Figueira Th"]
[Black "Santos, Isaque Goncalves"]
[Result "0-1"]
[WhiteElo "1747"]
[BlackElo "1996"]
[PlyCount "100"]
[EventDate "2024.01.29"]
[EventRounds "9"]
[EventCountry "BRA"]

1. d4 {Lutz,C} d5 2. c4 c6 3. Nc3 e6 4. e3 Nf6 5. Nf3 Bb4 6. Bd3 Nbd7 7. O-O
O-O 8. Qc2 Re8 9. a3 ({RR} 9. b3 b6 10. Bb2 Bb7 11. Ne2 Bf8 12. Ne5 Nxe5 13.
dxe5 Nd7 14. Bxh7+ Kh8 15. Bd3 Rc8 16. f4 g6 17. Nd4 Bg7 18. Rf3 Kg8 19. Rg3
Nf8 20. Nf3 c5 21. Ng5 dxc4 22. bxc4 Qd7 23. h4 Red8 {Sargsyan,A (2368)
-Zirkelbach,M (2295) chess.com INT 2021 1-0 (37)}) 9... Bf8 $146 ({RR} 9... Ba5
10. b4 Bc7 11. Bb2 e5 12. cxd5 cxd5 13. Nb5 Bb8 14. dxe5 Nxe5 15. Nxe5 Bxe5 16.
Bxe5 Rxe5 17. Nd4 Bd7 18. Rac1 Rc8 19. Qb2 Rh5 20. Be2 Rh6 21. Rxc8 Qxc8 22.
Rc1 Qb8 23. g3 Qe5 24. Qc2 {Riazantsev,A (2300)-Kravchenko,S Yalta 1996 0-1 
(52)}) ({RR} 9... Ba5 10. Bd2 dxc4 11. Bxc4 Bc7 12. Ba2 h6 13. Rad1 e5 14. e4
Nh5 15. Bc1 exd4 16. Nxd4 Qh4 17. f4 Nf8 ({RR} 17... Nxf4 18. g3 Nh3+ 19. Kg2)
18. Be3 Bb6 19. Na4 Bg4 20. Nxb6 axb6 ({RR} 20... Bxd1 21. Qxd1 axb6 22. Nf5)
21. Nf3 Qe7 22. Ne5 Be6 23. Bb1 Qc7 24. Qf2 {Chernin,A (2645)-Tischbierek,R 
(2525) New York 1998 CBM 064 [Lutz,C] 1-0 (75)}) ({RR} 9... Bd6 10. e4 e5 11.
cxd5 cxd5 12. exd5 exd4 13. Nxd4 Ne5 14. Bb5 Rf8 15. Bg5 a6 16. Be2 h6 17. Bxf6
Qxf6 18. Ne4 Qd8 19. Rad1 Ng6 20. Nxd6 Qxd6 21. Nf5 Bxf5 22. Qxf5 Rfe8 23. Bf3
Rad8 24. g3 {Surya,W-Severino,S (2405) Manila 2007 1-0 (60)}) ({RR} 9... Bd6
10. e4 dxe4 11. Nxe4 Nxe4 12. Bxe4 Nf8 13. Rd1 Qc7 14. c5 Bf4 15. g3 Bxc1 16.
Raxc1 Bd7 17. Ne5 Red8 18. Nc4 Be8 19. Nd6 Rd7 20. f4 f5 21. Bf3 Bg6 22. h4 h5
23. Qe2 Bh7 24. Bxh5 {Galambos,M (1783)-Csavassy,G (1895) Hungary 2009 1-0 (54)
}) 10. Rd1 h6 11. e4 dxe4 12. Nxe4 Nxe4 13. Bxe4 Nf6 14. Bd3 Qc7 15. b4 b6 16.
Bb2 a5 17. Bc3 axb4 18. axb4 Bb7 19. Ne5 Rec8 20. Be2 Nh7 21. f4 Nf6 22. f5
exf5 23. Qxf5 Re8 24. Bd3 Rxa1 25. Rxa1 Bc8 26. Qf3 c5 27. bxc5 bxc5 28. Ba5
Qd6 29. Nc6 Bg4 30. Qg3 Qxc6 31. d5 Qd6 32. Qf2 Qe5 33. Re1 Qd4 34. Qxd4 Rxe1+
35. Bxe1 cxd4 36. Ba5 Bc5 37. Kf2 Ne8 38. h3 Bh5 39. g4 Bg6 40. Bxg6 fxg6 41.
Ke2 Kf7 42. Kd3 Ke7 43. Bd2 g5 44. Be1 Nf6 45. Bf2 Nd7 46. Bxd4 Bxd4 47. Kxd4
Kd6 48. Ke4 g6 49. Kd4 Nc5 50. Kc3 Ne4+ 0-1

[Event "Sampa Chess Open 2024"]
[Site "Sao Paulo"]
[Date "2024.02.01"]
[Round "5.32"]
[White "Lima, Hamilton Da Silva"]
[Black "Simeao, Miguel Roberto Rani"]
[Result "0-1"]
[WhiteElo "1778"]
[BlackElo "1962"]
[PlyCount "96"]
[EventDate "2024.01.29"]
[EventRounds "9"]
[EventCountry "BRA"]

1. e4 c6 2. d4 d5 3. Nd2 dxe4 4. Nxe4 Nf6 5. Nxf6+ exf6 6. Nf3 Bd6 7. Bd3 O-O
8. Be3 Re8 9. Qd2 Be6 ({RR} 9... Nd7 10. O-O-O Nf8 11. Kb1 Be6 12. c4 a6 13. h4
b5 14. c5 Bc7 15. h5 a5 16. h6 g6 17. Bf4 Bxf4 18. Qxf4 Bd5 19. Rhe1 Ne6 20.
Qg4 a4 21. Be4 a3 22. b3 Qa5 23. Bxd5 cxd5 24. Kc2 {Rzayev,B (2333)-Svane,R 
(2625) chess.com INT 2021 0-1}) ({RR} 9... Nd7 10. O-O-O a5 11. h4 Nf8 12. h5
a4 13. Rdg1 Be6 14. g4 Bd5 15. Rh3 Ne6 16. g5 Bxf3 17. Rxf3 fxg5 18. Bxg5 Nxg5
19. Rxg5 Qe7 20. h6 g6 21. Rg1 b5 22. d5 a3 23. b3 Qe5 24. c3 {Koutlas,N (2273)
-Ovetchkin,R (2518) chess.com INT 2021 0-1 (55)}) 10. a3 $146 ({RR} 10. c3 Nd7
11. O-O Qc7 12. h3 Rad8 13. Qc2 g6 14. c4 Nf8 15. Bd2 Qc8 16. Ne1 Bb8 17. Bc3
g5 18. Qd1 Ng6 19. Qh5 Bf5 20. Bxf5 Qxf5 21. g3 Bc7 22. Ng2 Re4 23. Ne3 Qd7 24.
Ng4 Rxg4 {Kan,I-Ravinsky,G Odessa (Ukraine) 1929 1-0 (34)}) ({RR} 10. O-O Qc7
11. h3 Nd7 12. c4 Nf8 13. Rac1 Qd7 14. Bf4 g5 15. Bg3 Ng6 16. d5 cxd5 17. cxd5
Bxh3 18. gxh3 Qxh3 19. Bxd6 Qxf3 20. Bxg6 hxg6 21. Rc3 Qh5 22. Kg2 Kg7 23. Rh1
Qg4+ 24. Bg3 Re2 {Pali,P (2000)-Morgunov,D (2085) St Veit 2016 0-1 (32)}) ({RR
} 10. O-O Nd7 11. c4 Bg4 12. Be2 Bxf3 13. Bxf3 Qc7 14. h3 f5 15. Qd3 g6 16.
Rfe1 Bf4 17. Rad1 Bxe3 18. fxe3 Nf6 19. e4 Nxe4 20. Bxe4 Rxe4 21. Rxe4 fxe4 22.
Qxe4 Rd8 23. b3 Kf8 24. Qh4 f5 {Dominguez Afonso,A (1619)-Garcia Chica,E (1418)
Madrid 2016 1-0 (47)}) 10... Nd7 11. h4 h5 12. c4 a5 13. b3 Qe7 14. c5 Bc7 15.
Qc2 Bd5 16. Be2 Qe6 17. Rb1 Be4 18. Bd3 Bxf3 19. gxf3 Bf4 20. Bf5 Qe7 21. Qe4
Qxe4 22. fxe4 Bxe3 23. fxe3 Nf8 24. Kd2 g6 25. Rhg1 Kh7 26. Bh3 Rxe4 27. Rbf1
Rxh4 28. Bg2 Kg7 29. Kd3 Rg4 30. Bf3 Rxg1 31. Rxg1 Kh6 32. Kc4 Ne6 33. e4 Ng5
34. Bh1 Re8 35. Re1 f5 36. e5 f6 37. b4 axb4 38. axb4 fxe5 39. Rxe5 Rxe5 40.
dxe5 f4 41. b5 f3 42. bxc6 bxc6 43. Kb4 h4 44. Ka5 h3 45. e6 Kg7 46. Kb6 f2 47.
Bxc6 Nxe6 48. Bd7 f1=Q 0-1

[Event "Sampa Chess Open 2024"]
[Site "Sao Paulo"]
[Date "2024.02.01"]
[Round "5.33"]
[White "Carvalho Jr, Celestino"]
[Black "Dias, Clara"]
[Result "0-1"]
[WhiteElo "1939"]
[BlackElo "1717"]
[PlyCount "98"]
[EventDate "2024.01.29"]
[EventRounds "9"]
[EventCountry "BRA"]

1. e4 c5 2. c3 d5 3. e5 Nc6 4. d4 cxd4 5. cxd4 Bf5 6. a3 e6 7. Nc3 ({RR} 7. Be3
Nge7 8. Nf3 Rc8 9. Nc3 Bg4 10. Bb5 a6 11. Bxc6+ Nxc6 12. O-O Be7 13. Rc1 O-O
14. b4 f6 15. exf6 Rxf6 16. h3 Bxf3 17. gxf3 Bd6 18. Kh1 Qe8 19. f4 Bxf4 20.
Qg4 Bd6 21. Rg1 Qf7 {Patron,P (2100)-Bagheri,A (2541) Nantes 2003 0-1}) ({RR} 
7. Nf3 h6 8. Nc3 a6 9. Be2 g5 10. Be3 Nge7 11. Rc1 Bg6 12. O-O Nf5 13. b4 Be7
14. Na4 O-O 15. Nc5 Bxc5 16. bxc5 f6 17. Qb3 g4 18. Nd2 Nfxd4 19. Qd1 Nxe2+ 20.
Qxe2 Nxe5 21. Bxh6 Bd3 {Dalling,P (1824)-Herbrechtsmeier,C (2210) Mali Losinj
CRO 2019 0-1 (42)}) 7... Nge7 8. Nb5 $146 ({RR} 8. Bb5 a6 9. Be2 Bg6 10. Bg4
Nf5 11. Nge2 Be7 12. O-O O-O 13. Be3 Na5 14. Nf4 Nc4 15. Qc1 Qb6 16. Nxg6 hxg6
17. Bxf5 gxf5 18. b4 Rac8 19. f4 Qc6 20. Rf3 Nb6 21. Bf2 Na4 22. Ne2 Qb5 {
Corral Yugueros,N-Gonzalez Pereira,A Zarauz 2004 0-1 (52)}) ({RR} 8. Be2 Qa5 9.
Be3 a6 10. Nf3 Bg6 11. Nh4 Nf5 12. Nxg6 hxg6 13. O-O Be7 14. Rc1 O-O 15. Na4
Qd8 16. Nc5 Bxc5 17. Rxc5 Qh4 18. Bg4 Rac8 19. Bxf5 gxf5 20. f4 b6 21. Rc2 Na5
22. Rcf2 Nc4 {Lukashuk,A-Gashin,M Nizhnij Novgorod 1999 1/2-1/2 (33)}) ({RR} 8.
b4 Qb6 9. Nf3 Bg4 10. Be3 Nf5 11. Rb1 Be7 12. Na4 Qc7 13. Rc1 O-O 14. Be2 Qd7
15. Nc5 Bxc5 16. bxc5 Rfc8 17. Bb5 Qc7 18. O-O Qa5 19. Qd3 Bxf3 20. gxf3 Nfxd4
21. Bxc6 Nxc6 22. f4 Ne7 {Wallich,R-Warkentin,P (1620) Trier 2005 0-1 (51)})
8... Nc8 9. Be3 Be7 10. b4 a5 11. bxa5 Qxa5+ 12. Bd2 Qb6 13. Nf3 O-O 14. Be2
N8a7 15. Nxa7 Rxa7 16. O-O Nxd4 17. Nxd4 Qxd4 18. Qc1 Qxe5 19. Bb5 d4 20. a4
Bd6 21. f4 Qf6 22. Qe1 Raa8 23. Qe2 Qg6 24. Rac1 Rac8 25. Rfe1 Bc5 26. Kh1 Rfd8
27. h3 Qg3 28. Rf1 d3 29. Qe1 Qg6 30. Kh2 Qh5 31. Qg3 Bg6 32. Rfe1 Qd5 33. Re5
Qa2 34. Qe1 Bd4 35. Rg5 Rxc1 36. Qxc1 Qc2 37. Qe1 Rc8 38. f5 Bxf5 39. Bf4 Bc3
40. Qf1 d2 41. Be2 Bf6 42. Bd1 Qc1 43. Rxf5 exf5 44. Qg1 Rd8 45. g3 Qc3 46. h4
Qd3 47. Qg2 Qe4 48. Qf2 Qe1 49. Qb6 Qxd1 0-1

[Event "Sampa Chess Open 2024"]
[Site "Sao Paulo"]
[Date "2024.02.01"]
[Round "5.34"]
[White "Usui, Gabriella Yumi"]
[Black "Bastos, Danillo Alves"]
[Result "0-1"]
[WhiteElo "1448"]
[BlackElo "1667"]
[PlyCount "88"]
[EventDate "2024.01.29"]
[EventRounds "9"]
[EventCountry "BRA"]

1. d4 d5 2. Nf3 Nf6 3. c4 e6 4. Nc3 Be7 5. e3 a6 6. a4 ({RR} 6. Qc2 O-O 7. Bd2
c5 8. dxc5 Bxc5 9. cxd5 exd5 10. Bd3 Nc6 11. a3 Ba7 12. Ne2 Bg4 13. Bc3 Bxf3
14. gxf3 d4 15. exd4 g6 16. Be4 Rc8 17. Qd3 {1/2-1/2 (17) Shariyazdanov,A 
(2572)-Lalic,B (2527) Rabac 2004}) ({RR} 6. b3 O-O 7. Bd3 c5 8. dxc5 dxc4 9.
bxc4 Nbd7 10. Qc2 Nxc5 11. Be2 Qc7 12. O-O Bd7 13. Bb2 Rfc8 14. Rac1 Rab8 15.
Nd4 Bf8 16. h3 e5 17. Nf3 Bc6 18. Nd5 Nxd5 19. cxd5 Ba4 20. Qf5 f6 {Stokhaug,J
(1833)-Juriloo,K (1978) Drammen NOR 2019 0-1 (68)}) 6... Nbd7 $146 ({RR} 6...
Bb4 7. Bd2 O-O 8. Bd3 c5 9. cxd5 Nxd5 10. O-O Nc6 11. e4 Nxc3 12. bxc3 Ba5 13.
Rb1 cxd4 14. cxd4 Bxd2 15. Qxd2 Nxd4 16. Nxd4 Qxd4 17. Rb4 Qd6 18. e5 Qxe5 19.
Re1 Qd5 20. Qc3 Rd8 21. Rd1 {Feichtner,E (1747)-Lindner,H (1611) Gerolhofen
2011 1/2-1/2}) ({RR} 6... b6 7. Bd3 Bb7 8. Bd2 Nc6 9. O-O Nb4 10. Be2 O-O 11.
cxd5 Nbxd5 12. Re1 Rc8 13. Nxd5 Qxd5 14. Bd3 Ne4 15. Bxe4 Qxe4 16. Qb1 Qg4 17.
h3 Qh5 18. e4 f5 19. d5 fxe4 20. Rxe4 Bxd5 21. Re5 {Mildenberger,H (1633)
-Herrmann,E (1876) Berlin 2011 0-1}) ({RR} 6... b6 7. Be2 O-O 8. O-O Bb7 9.
cxd5 Nxd5 10. Ne5 Nd7 11. Nxd7 Qxd7 12. Bf3 Nxc3 13. bxc3 c5 14. Bxb7 Qxb7 15.
Qb3 cxd4 16. exd4 Rab8 17. Rb1 Rfc8 18. Bf4 Ra8 19. Rfc1 Rc6 20. Bd2 {1/2-1/2 
(20) Neudel,B (1895)-Auvinen,E (1988) Sibenik 2014}) 7. cxd5 exd5 8. Bd3 c6 9.
Qc2 O-O 10. O-O Re8 11. Ne5 Nf8 12. h3 c5 13. dxc5 Bxc5 14. Nf3 Be6 15. Rd1 Rc8
16. Qb1 Qd7 17. Ne2 Bxh3 18. gxh3 Qxh3 19. Ng3 g6 20. Bf1 Qg4 21. Be2 Bxe3 22.
Bxe3 Rxe3 23. Rd4 Ne4 24. Qf1 Rxf3 25. Bxf3 Qxf3 26. Qg2 Qf6 27. Rad1 Rc2 28.
Nxe4 dxe4 29. b4 e3 30. Re4 Rxf2 31. Qg4 h5 32. Qh3 Rf3 33. Qh2 Qg5+ 34. Kh1
Qf5 35. Re5 Rf1+ 36. Rxf1 Qxf1+ 37. Qg1 e2 38. Kh2 Qf4+ 39. Qg3 Qd2 40. Kg1 Ne6
41. Qf2 Qd1+ 42. Kh2 Qd6 43. Qg3 h4 44. Qe3 f6 0-1

[Event "Sampa Chess Open 2024"]
[Site "Sao Paulo"]
[Date "2024.02.01"]
[Round "5.35"]
[White "Pittoli, Vinicius Eduardo Mo"]
[Black "Regiani, Rafael"]
[Result "1/2-1/2"]
[WhiteElo "1648"]
[BlackElo "1476"]
[PlyCount "81"]
[EventDate "2024.01.29"]
[EventRounds "9"]
[EventCountry "BRA"]

1. e4 e5 2. Nf3 Nc6 3. Bc4 Nf6 4. d3 h6 5. c3 d5 6. exd5 Nxd5 7. h3 ({RR} 7.
Qe2 Bg4 8. h3 Bxf3 9. Qxf3 Nf6 10. Nd2 Qd7 11. b4 O-O-O 12. O-O Nd5 13. Bb2 Nf4
14. Nb3 h5 15. b5 Ne7 16. Nc5 {1-0 (16) Nedostup,D (2193)-Leonov,E Kaliningrad
2013}) ({RR} 7. O-O Bg4 8. Re1 Qd6 9. Nbd2 f6 10. Ne4 Qd7 11. h3 Bh5 12. Ng3
Bf7 13. d4 Nb6 14. Bxf7+ Kxf7 15. Qb3+ Qe6 16. Qxe6+ Kxe6 17. dxe5 Nxe5 18.
Nxe5 fxe5 19. Be3 Nc4 20. b3 Nxe3 21. Rxe3 Bc5 {Jukes,S (1906)-Bryant,M (1823)
Hastings ENG 2020 1-0 (58)}) 7... Nb6 8. Bb3 Bd6 $146 ({RR} 8... Bf5 9. Bc2 Qe7
10. O-O O-O-O 11. Qe2 Qf6 12. Rd1 Bc5 13. b4 Bd6 14. a4 Nd5 15. Bd2 Rhe8 16. a5
Nf4 17. Bxf4 exf4 18. Qf1 Ne5 19. Nxe5 Bxe5 20. Ba4 Re7 21. d4 Bd6 22. Nd2 Qg6
23. Nf3 {Testa,A (1907)-Urano,M Arvier 2007 1-0 (39)}) 9. Be3 O-O 10. O-O Qf6
11. Nbd2 Qg6 12. Nh4 Qxd3 13. Qh5 Qh7 14. Rac1 Be6 15. Bc2 f5 16. Ndf3 Nd5 17.
Bb3 Rae8 18. Ng6 Rf6 19. Ngxe5 g6 20. Qh4 Nxe5 21. Nxe5 Bxe5 22. Bxd5 Bxd5 23.
f4 Bxf4 24. Qxf4 Rfe6 25. Bd4 Re4 26. Qg3 Qf7 27. Rce1 b6 28. Rxe4 Rxe4 29. Re1
Rxe1+ 30. Qxe1 Qe6 31. Qg3 f4 32. Qxf4 Qe1+ 33. Kh2 Qe4 34. Qxe4 Bxe4 35. Be5
c6 36. g4 Kf7 37. Kg3 Ke6 38. Bg7 h5 39. gxh5 gxh5 40. Kf4 Bf5 41. h4 1/2-1/2

[Event "Sampa Chess Open 2024"]
[Site "Sao Paulo"]
[Date "2024.02.01"]
[Round "5.36"]
[White "Ruvieri, Daniel Minami"]
[Black "Da Rocha, Lucas Sampaio"]
[Result "0-1"]
[WhiteElo "1437"]
[BlackElo "1647"]
[PlyCount "100"]
[EventDate "2024.01.29"]
[EventRounds "9"]
[EventCountry "BRA"]

1. e4 c6 2. d4 d5 3. e5 c5 4. c3 Nc6 5. h3 Bf5 6. Nf3 e6 7. Be2 ({RR} 7. Bd3
Bxd3 8. Qxd3 Qb6 9. Nbd2 Rc8 10. O-O Nge7 11. g4 cxd4 12. cxd4 h5 13. g5 Nf5
14. h4 Ncxd4 15. Nxd4 Nxd4 16. Kg2 Nf5 17. Nf3 Bc5 18. a4 O-O 19. a5 Qb4 20.
Bd2 Qg4+ 21. Kh2 Bxf2 {Ehrlich,S-Fridman,D (2626) Puhajarve EST 2021 0-1 (33)})
7... Bxb1 $146 ({RR} 7... Qb6 8. O-O Be4 9. Nbd2 cxd4 10. cxd4 Bxf3 11. Nxf3
Nge7 12. Bd3 a6 13. Be3 Ng6 14. h4 Nge7 15. a3 Nf5 16. Qc2 Nfxd4 17. Nxd4 Bc5
18. Nxc6 Bxe3 19. Nb4 Bc5 20. Qa4+ Ke7 21. Rae1 Rac8 22. Re2 {Ali,K (1540)
-Rundgren,A (1176) Oslo 2007 1-0}) ({RR} 7... cxd4 8. Nxd4 Nge7 9. O-O Nxe5 10.
Re1 N5c6 11. Nxf5 Nxf5 12. Bd3 Nd6 13. Qg4 g6 14. Qf3 Be7 15. Bh6 Bg5 16. Bg7
Rg8 17. Bd4 Be7 18. Nd2 Nxd4 19. cxd4 Qd7 20. Nb3 b6 21. Rac1 Kf8 22. Qf4 {
Savic,M (2526)-Solak,D (2521) Budva 2003 1/2-1/2 (88)}) ({RR} 7... cxd4 8. Nxd4
Bxb1 9. Qa4 Bc2 10. Nxc2 Bc5 11. Qg4 Kf8 12. Qg3 Qc7 13. Bf4 Nge7 14. Bb5 Nf5
15. Qh2 Bxf2+ 16. Kxf2 Qb6+ 17. Ke1 Qxb5 18. g4 Nh4 19. Qf2 Ng6 20. Rd1 Ngxe5
21. Rf1 f6 22. Bh6 {Schmedders,H (2226)-Fischer,T (2233) Ruhrgebiet 1999 0-1 
(31)}) ({RR} 7... cxd4 8. cxd4 Bb4+ 9. Kf1 Rc8 10. a3 Ba5 11. Be3 Nge7 12. b4
Bb6 13. Qd2 Be4 14. Nc3 Nf5 15. Nb5 a6 16. g4 Nxe3+ 17. fxe3 axb5 18. Rh2 O-O
19. Kg1 f6 20. exf6 Rxf6 21. Ng5 Qd6 22. Nxe4 {Sasu Ducsoara,A (2170)-Morriss,
P (1982) Kamena Vourla 2012 0-1 (36)}) 8. Rxb1 cxd4 9. cxd4 Qa5+ 10. Bd2 Bb4
11. a3 Bxd2+ 12. Qxd2 Qxd2+ 13. Kxd2 Nge7 14. Rhc1 a6 15. Bd3 f6 16. Ke3 Kd7
17. Rc3 fxe5 18. Nxe5+ Nxe5 19. dxe5 Nc6 20. Rb3 b5 21. f4 g6 22. Be2 Rhc8 23.
Rd3 Na5 24. b4 Nc4+ 25. Kf2 Rf8 26. Kg3 Rf7 27. Bg4 h5 28. Bd1 Raf8 29. Rd4 Ne3
30. Kf3 Nxd1 31. Rbxd1 g5 32. g3 h4 33. Re1 hxg3 34. Rxd5+ exd5 35. e6+ Kd6 36.
exf7 Rxf7 37. Kxg3 Rxf4 38. Re8 d4 39. Rg8 Rf5 40. Kg4 Rd5 41. Rd8+ Ke6 42.
Re8+ Kd7 43. Re2 Kd6 44. h4 gxh4 45. Kxh4 d3 46. Rd2 Ke5 47. Kg3 Kd4 48. Kf2
Kc3 49. Ke1 Re5+ 50. Kd1 Rh5 0-1